[Event "31st USA-ch (w)"]
[Site "Highland Beach USA"]
[Date "1991.08.??"]
[Round "7"]
[White "Wieckiewicz, Krystina"]
[Black "Burtman, Sharon"]
[Result "1/2-1/2"]
[WhiteElo "2050"]
[BlackElo "2030"]
[EventDate "1991.08.17"]
[PlyCount "76"]

1.d4 Nf6 2.c4 e6 3.Nf3 d5 4.Bg5 c6 5.e3 Nbd7 6.Nc3 Qa5 7.Nd2 Be7 8.cxd5 
exd5 9.Bd3 O-O 10.O-O Re8 11.Qc2 a6 12.a3 Nf8 13.b4 Qd8 14.Rab1 g6 15.Rfc1
Ne6 16.Bh4 Ng7 17.a4 Bf5 18.b5 axb5 19.axb5 c5 20.dxc5 d4 21.exd4 Qxd4 22.
Bxf5 Qxh4 23.Nf3 Qc4 24.Be4 Nxe4 25.Qxe4 Qxe4 26.Nxe4 Rec8 27.Nd6 Bxd6 28.
cxd6 Rd8 29.Ra1 Rxa1 30.Rxa1 Nf5 31.Kf1 Rxd6 32.g4 Nh6 33.h3 Rd5 34.Rb1 f5
35.Rb4 fxg4 36.hxg4 Nf7 37.Ke2 Nd6 38.Nd4 Kf7 1/2-1/2

[Event "31st USA-ch (w)"]
[Site "Highland Beach USA"]
[Date "1991.08.??"]
[Round "7"]
[White "Root, Alexey"]
[Black "Tverskaya, Julia"]
[Result "1/2-1/2"]
[WhiteElo "2030"]
[BlackElo "2040"]
[EventDate "1991.08.17"]
[PlyCount "71"]

1.e4 c5 2.Nc3 Nc6 3.g3 g6 4.Bg2 Bg7 5.d3 d6 6.Be3 e5 7.Qd2 Nd4 8.Nd1 b5 9.
c3 Nc6 10.Ne2 Bb7 11.d4 Qe7 12.O-O Nf6 13.f3 O-O 14.d5 Nb8 15.g4 Nbd7 16.
Ng3 Nb6 17.Bh6 Bxh6 18.Qxh6 Kh8 19.h4 Ng8 20.Qg5 f6 21.Qc1 Bc8 22.Ne3 Qf7 
23.h5 Ne7 24.hxg6 hxg6 25.Kf2 Kg7 26.Rh1 Rh8 27.Rxh8 Kxh8 28.Qd2 Kg8 29.
Rh1 Bd7 30.b3 Qg7 31.Bh3 Kf7 32.g5 Rh8 33.gxf6 Qxf6 34.Bxd7 Nxd7 35.Qe1 
Rh4 36.Rxh4 1/2-1/2

[Event "31st USA-ch (w)"]
[Site "Highland Beach USA"]
[Date "1991.08.??"]
[Round "8"]
[White "Dimitrijevic, Vesna"]
[Black "Epstein, Esther"]
[Result "1-0"]
[WhiteElo "2085"]
[BlackElo "2245"]
[EventDate "1991.08.17"]
[PlyCount "35"]

1.e4 Nf6 2.Nc3 d5 3.e5 Nfd7 4.d4 e6 5.f4 c5 6.Nf3 Nc6 7.Bd3 Nxd4 8.Nxd4 
cxd4 9.Ne2 Qb6 10.O-O Nb8 11.Kh1 Nc6 12.a3 Bd7 13.Qe1 O-O-O 14.b4 f6 15.b5
Na5 16.Nxd4 Nc4 17.c3 Bc5 18.Bxc4 
    {(...)}
1-0

[Event "31st USA-ch (w)"]
[Site "Highland Beach USA"]
[Date "1991.08.??"]
[Round "8"]
[White "Neely, Elizabeth"]
[Black "Levitina, Irina"]
[Result "0-1"]
[WhiteElo "2110"]
[BlackElo "2370"]
[EventDate "1991.08.17"]
[PlyCount "56"]

1.e4 c5 2.Nf3 d6 3.d4 cxd4 4.Nxd4 Nf6 5.Nc3 Nc6 6.Bc4 Qb6 7.Ndb5 a6 8.Be3 
Qa5 9.Nd4 Ne5 10.Bd3 e6 11.f4 Nxd3+ 12.Qxd3 Bd7 13.O-O-O Rc8 14.Nb3 Qc7 
15.h3 Bc6 16.g4 d5 17.e5 Ne4 18.Bd4 Bb4 19.Nxe4 dxe4 20.Qc4 a5 21.Rh2 O-O 
22.f5 b5 23.Qe2 Rfd8 24.fxe6 fxe6 25.Rf2 a4 26.Na1 a3 27.c3 Bd5 28.Nb3 
Bxb3 0-1

[Event "31st USA-ch (w)"]
[Site "Highland Beach USA"]
[Date "1991.08.??"]
[Round "8"]
[White "MacArthur, Beatriz"]
[Black "Tverskaya, Julia"]
[Result "1-0"]
[WhiteElo "2180"]
[BlackElo "2040"]
[EventDate "1991.08.17"]
[PlyCount "75"]

1.e4 e5 2.Nf3 Nc6 3.Nc3 Nf6 4.d4 exd4 5.Nxd4 Bb4 6.Nxc6 bxc6 7.Bd3 d5 8.
exd5 cxd5 9.O-O O-O 10.Bg5 c6 11.Ne2 h6 12.Bh4 Re8 13.c3 Bf8 14.Nd4 c5 15.
Nf5 Rb8 16.Qf3 Rb6 17.Rad1 g6 18.Ne3 Bb7 19.Ng4 Bg7 20.Rfe1 g5 21.Bg3 
Rxe1+ 22.Rxe1 Ne4 23.Be5 f6 24.Bg3 h5 25.Ne3 h4 26.Bxh4 gxh4 27.Nf5 Qc7 
28.Qh5 Re6 29.Qxh4 Re5 30.Ne3 f5 31.f4 Re6 32.Nxf5 c4 33.Bxe4 dxe4 34.Qg4 
Qb6+ 35.Kf1 Rg6 36.Ne7+ Kf7 37.Nxg6 Qxg6 38.Qd7+ 1-0

[Event "31st USA-ch (w)"]
[Site "Highland Beach USA"]
[Date "1991.08.??"]
[Round "8"]
[White "Burtman, Sharon"]
[Black "Root, Alexey"]
[Result "0-1"]
[WhiteElo "2030"]
[BlackElo "2030"]
[EventDate "1991.08.17"]
[PlyCount "78"]

1.d4 e6 2.Nf3 f5 3.g3 Nf6 4.Bg2 d5 5.O-O Bd6 6.c4 c6 7.b3 Qe7 8.Bb2 O-O 9.
Nbd2 Ne4 10.Ne5 Nxd2 11.Qxd2 Bd7 12.Rac1 Be8 13.c5 Bc7 14.b4 Nd7 15.Qd3 
Nxe5 16.dxe5 f4 17.a4 Qg5 18.Bh3 Bd7 19.e4 Bxe5 20.Bxe5 Qxe5 21.exd5 cxd5 
22.Rfe1 Qf6 23.b5 fxg3 24.Qxg3 Rae8 25.c6 bxc6 26.bxc6 Bc8 27.c7 Qf4 28.
Qxf4 Rxf4 29.Rc6 Rf6 30.Rc5 Rg6+ 31.Kh1 d4 32.f3 Kf7 33.Rb1 d3 34.Rc3 Re7 
35.Rb8 d2 36.Rd3 Rxc7 37.Bg4 Rc1+ 38.Kg2 d1=Q 39.Rxd1 Rxd1 0-1

[Event "31st USA-ch (w)"]
[Site "Highland Beach USA"]
[Date "1991.08.??"]
[Round "9"]
[White "Root, Alexey"]
[Black "Ruggiero, Pamela"]
[Result "0-1"]
[WhiteElo "2030"]
[BlackElo "2135"]
[EventDate "1991.08.17"]
[PlyCount "74"]

1.d4 Nf6 2.Nf3 g6 3.c4 Bg7 4.Nc3 d6 5.e4 O-O 6.Be3 Na6 7.Be2 Qe8 8.O-O e5 
9.dxe5 dxe5 10.Nd2 c6 11.f4 h6 12.fxe5 Qxe5 13.Bf4 Qd4+ 14.Kh1 Be6 15.Nb3 
Qxd1 16.Raxd1 Rad8 17.Bd6 Rfe8 18.Nc5 Rxd6 19.Rxd6 Nxc5 20.Rfd1 Ncxe4 21.
Nxe4 Nxe4 22.Rd8 Kf8 23.Rxe8+ Kxe8 24.Kg1 Bxb2 25.Bf3 Nc5 26.Be2 Ke7 27.
Kf2 Bf6 28.Kf3 h5 29.h3 Nd7 30.Rb1 b6 31.Rc1 Kd6 32.g4 hxg4+ 33.hxg4 Kc5 
34.Ke4 Ne5 35.Rf1 Bg7 36.g5 Nxc4 37.Rc1 b5 0-1

[Event "31st USA-ch (w)"]
[Site "Highland Beach USA"]
[Date "1991.08.??"]
[Round "9"]
[White "Epstein, Esther"]
[Black "Neely, Elizabeth"]
[Result "1-0"]
[WhiteElo "2245"]
[BlackElo "2110"]
[EventDate "1991.08.17"]
[PlyCount "69"]

1.e4 e5 2.Nf3 Nc6 3.Bb5 g6 4.c3 a6 5.Bc4 b5 6.Bb3 Bg7 7.d4 exd4 8.cxd4 
Nge7 9.O-O O-O 10.Nc3 d6 11.h3 Kh8 12.Bg5 f6 13.Bf4 g5 14.Be3 Qe8 15.Nd2 
Qg6 16.g4 Qe8 17.Rc1 Na5 18.Bc2 h5 19.Kg2 Ng6 20.gxh5 Nh4+ 21.Kg3 Bh6 22.
Rh1 c5 23.Nd5 cxd4 24.Bxd4 Nc6 25.Nf1 Nxd4 26.Qxd4 Qxh5 27.Bd1 Qf7 28.Rc7 
Qe6 29.Re7 Nf5+ 30.exf5 Qxf5 31.Nfe3 Qg6 32.Bc2 Qg8 33.Rh7+ Qxh7 34.Bxh7 
Kxh7 35.Nxf6+ 1-0

[Event "31st USA-ch (w)"]
[Site "Highland Beach USA"]
[Date "1991.08.??"]
[Round "9"]
[White "Wieckiewicz, Krystina"]
[Black "Dimitrijevic, Vesna"]
[Result "1/2-1/2"]
[WhiteElo "2050"]
[BlackElo "2085"]
[EventDate "1991.08.17"]
[PlyCount "110"]

1.d4 b6 2.Nf3 e6 3.g3 Bb7 4.Bg2 f5 5.O-O Nf6 6.c4 Be7 7.Re1 O-O 8.b3 Qe8 
9.Ba3 Na6 10.Bxe7 Qxe7 11.Nc3 Ne4 12.Qc2 Nb4 13.Qb2 Nxc3 14.Qxc3 Be4 15.
Nd2 Bxg2 16.Kxg2 f4 17.a3 Nc6 18.Nf3 Qf6 19.Rad1 d6 20.e4 e5 21.dxe5 Nxe5 
22.Nxe5 dxe5 23.f3 Rad8 24.b4 c6 25.Qb3 Qe6 26.Rd3 b5 27.cxb5 Qxb3 28.Rxb3
Rd2+ 29.Kh3 cxb5 30.Rc1 a6 31.Rc6 h5 32.Rbc3 Rfd8 33.Rc8 Kf7 34.Rxd8 Rxd8 
35.Rc6 Rd3 36.Rxa6 Rxf3 37.Ra5 Re3 38.Rxb5 Rxe4 39.gxf4 exf4 40.Rxh5 Re3+ 
41.Kg4 Rxa3 42.Rf5+ Kg6 43.Rxf4 Ra2 44.h4 Rg2+ 45.Kf3 Rb2 46.Rc4 Kf5 47.
Rc5+ Ke6 48.b5 Rb4 49.h5 Kf6 50.Ke3 g6 51.Rc6+ Ke7 52.h6 Rxb5 53.h7 Rb8 
54.Ke4 Kf7 55.Kf4 Kg7 1/2-1/2

[Event "31st USA-ch (w)"]
[Site "Highland Beach USA"]
[Date "1991.08.??"]
[Round "9"]
[White "Tverskaya, Julia"]
[Black "Burtman, Sharon"]
[Result "1-0"]
[WhiteElo "2040"]
[BlackElo "2030"]
[EventDate "1991.08.17"]
[PlyCount "89"]

1.e4 Nf6 2.e5 Nd5 3.d4 d6 4.Nf3 Bg4 5.Be2 e6 6.O-O Be7 7.c4 Nb6 8.exd6 
cxd6 9.Nc3 O-O 10.b3 Nc6 11.Bb2 d5 12.c5 Nd7 13.Rc1 b6 14.Na4 bxc5 15.dxc5
Rb8 16.Nd4 Bxe2 17.Nxc6 Bxd1 18.Nxd8 Bxb3 19.Nc6 Bxa4 20.Nxe7+ Kh8 21.Ba3 
Ne5 22.c6 Ra8 23.c7 Bd7 24.Rfd1 Rfe8 25.f4 Ng6 26.Nxg6+ hxg6 27.Rb1 Kg8 
28.Rdc1 f6 29.Bd6 Rac8 30.Rc5 a6 31.Kf2 Kf7 32.Rb6 Bb5 33.Ke3 Rh8 34.Rb8 
Rhe8 35.Kd4 Bc4 36.Rc6 Bb5 37.Rcb6 Rh8 38.h3 Rhe8 39.R6b7 Rh8 40.Ra7 Rhe8 
41.Raa8 Bd7 42.Rxa6 Rh8 43.Raa8 Rce8 44.Rxe8 Rxe8 45.Rd8 1-0

[Event "31st USA-ch (w)"]
[Site "Highland Beach USA"]
[Date "1991.08.??"]
[Round "9"]
[White "Levitina, Irina"]
[Black "MacArthur, Beatriz"]
[Result "1/2-1/2"]
[WhiteElo "2370"]
[BlackElo "2180"]
[EventDate "1991.08.17"]
[PlyCount "126"]

1.d4 Nf6 2.Bg5 g6 3.Bxf6 exf6 4.e3 Bg7 5.Bd3 d6 6.Ne2 f5 7.c4 Nd7 8.Nbc3 
Nf6 9.O-O O-O 10.b4 Re8 11.Qc2 Bd7 12.Rab1 Qe7 13.Nd5 Qd8 14.Nxf6+ Qxf6 
15.c5 h5 16.b5 dxc5 17.Qxc5 Rec8 18.Qd5 Be6 19.Qxb7 Bf8 20.Qc6 Rab8 21.Nf4
Rb6 22.Nd5 Bxd5 23.Qxd5 Bd6 24.Rbc1 h4 25.a4 Rd8 26.Qf3 Kg7 27.Rc4 a6 28.
bxa6 Rxa6 29.e4 fxe4 30.Qxf6+ Kxf6 31.Bxe4 Rb8 32.Bc6 Rb2 33.g3 Ra5 34.Bb5
Kg5 35.Kg2 Ra2 36.Rfc1 hxg3 37.hxg3 Rd2 38.R1c2 Rd1 39.Re2 Ra8 40.Bc6 Rb8 
41.Ra2 Rb6 42.a5 Ra6 43.Bb7 Ra7 44.a6 Rb1 45.Re2 Raxb7 46.axb7 Rxb7 47.Kf3
Kf5 48.Re3 Ra7 49.d5 Ra2 50.Rd3 Rb2 51.Ke3 Ke5 52.f4+ Kf5 53.Kf3 Rb1 54.
Rc2 Rb4 55.Re2 g5 56.fxg5 Kxg5 57.Re4 Rb1 58.Rc4 f5 59.Rc2 Rg1 60.Kf2 Ra1 
61.Kg2 Ra4 62.Rf2 Kg4 63.Rdf3 Rd4 1/2-1/2